000 00574nam a2200181Ia 4500
003 GCL
008 140319s9999 xx 000 0 ara d
020 _a7423118977
040 _aGCL /
_cGCL
082 0 4 _a822
_bع ق
100 1 _aعبدالغفار مكاوى
245 1 0 _aالقيصر الاصفر /
_cعبدالغفار مكاوى
260 _aالقاهرة :
_bدار الهلال للطباعة والنشر ،
_c1989
300 _a193 ص ؛
_c16 سم
490 _aكتاب الهلال
_v0
650 0 4 _aالمسرحيات - مجموعات
942 _2ddc
_cBK
999 _c53418
_d53418